00377nam a2200121Ia 4500003000400000005001700004008004100021040001800062041000800080100004800088245008600136260003300222OSt20260128103553.0211028s2017 xx 000 0 und d cAIMIT LIBRARY aeng aShetty K, Shrivinil; Rose, Swapna.g1516156 aQuality of worklife: a study with reference to A J Hospital Kuntikana Mangalore / aMangalorebSwapna Rosec2017